CITES checklist of succulent euphorbia taxa (Euphorbiaceae) (Registro nro. 895)

Detalles MARC
000 -CABECERA
Campo de control 00616nam a2200217 a 4500
005 - FECHA Y HORA DE LA ULTIMA TRANSACCION
Campo de control 20160105052521.0
008 - ELEMENTOS DE LONGITUD FIJA—INFORMACION GENERAL
Campo de control 140224b1997 gw ||||| |||| 00| 0 eng d
040 ## - FUENTE DE CATALOGACIÓN
Agencia catalogadora original CO-BoIAVH
Agencia transcriptora CO-BoIAVH
041 ## - IDIOMA
Código de idioma para texto/pista de sonido o título separado Inglés
044 ## - PAÍS DE PUBLICACIÓN
País de publicación Alemania
082 ## - NUMERO DE CLASIFICACION DECIMAL DEWEY
Número de clasificación 583.69
Número del ítem C32t
100 #1 - ASIENTO PRINCIPAL--NOMBRE PERSONAL
Nombre personal Carter, Susan
245 14 - MENCION DE TITULO
Título CITES checklist of succulent euphorbia taxa (Euphorbiaceae)
260 ## - PUBLICACION, DISTRIBUCION, ETC. (PIE DE IMPRENTA)
Lugar de publicación, distribución, etc. Bonn
Nombre del editor, distribuidor, etc. German Federal Agency for Nature Conservation
Fecha de publicación, distribución, etc. 1997
300 ## - DESCRIPCION FISICA
Extensión 70 paginas
650 ## - ASIENTO SECUNDARIO DE MATERIA - TERMINO TEMATICO
Término temático o nombre geográfico como elemento de entrada Listas rojas UICN
650 ## - ASIENTO SECUNDARIO DE MATERIA - TERMINO TEMATICO
Término temático o nombre geográfico como elemento de entrada CITES
650 ## - ASIENTO SECUNDARIO DE MATERIA - TERMINO TEMATICO
Término temático o nombre geográfico como elemento de entrada Euphorbiaceae
700 ## - ASIENTO SECUNDARIO - NOMBRE PERSONAL
Nombre personal Eggli, Urs
942 ## - ELEMENTOS ADICIONALES (KOHA)
Tipo de ítem Libro
Sistema de clasificación Dewey Decimal Classification
Existencias
Withdrawn status Lost status Sistema de Clasificación Damaged status No para préstamo Colección Inventariado Ubicación Permanente Ubicación actual Fecha de adquisición Fuente de Valor Valor Total Checkouts Número topográfico Inventario / Código de Barras Date last seen Ejemplar Price effective from Forma de adquisición Tipo de material
    Dewey Decimal Classification     General Inventariado 2017 Bogotá Bogotá 13/01/1999 Instituto 39000.00   LB-583.69 C32t 001254 04/12/2012 Ej. 1 04/12/2012   Libro